Integration of Esg 2015 and Iso 9001:2015 Standards in the Higher Education Organization (Case Study)

Analýza prístupu k vytvoreniu systému riadenia kvality v Slovenskej republike - vysokoškolské vzdelávanie, - integrácia požiadaviek ESG 2015 a ISO 9001:2015 a - skúsenosti s pozitívnymi synergiami týchto noriem.

Guardado en:
Detalles Bibliográficos
Autor principal: Jambor, Jaroslav
Otros Autores: Džubáková, Martina, Habánik, Jozef
Formato: Capítulo de libro
Lenguaje:inglés
Materias:
Etiquetas: Agregar Etiqueta
Sin Etiquetas, Sea el primero en etiquetar este registro!

MARC

LEADER 00000nla a2200000 4500
001 0246150
005 20240502083656.7
041 0 |a eng 
044 |a CZ 
245 1 0 |a Integration of Esg 2015 and Iso 9001:2015 Standards in the Higher Education Organization (Case Study)  |c Jaroslav Jambor, Martina Džubáková, Jozef Habánik 
520 |a Analýza prístupu k vytvoreniu systému riadenia kvality v Slovenskej republike - vysokoškolské vzdelávanie, - integrácia požiadaviek ESG 2015 a ISO 9001:2015 a - skúsenosti s pozitívnymi synergiami týchto noriem. 
610 2 0 |a školstvo 
610 2 0 |a vzdelávanie 
610 2 0 |a školy vysoké 
610 2 0 |a vyučovanie 
610 2 0 |a kvalita 
610 2 0 |a normy 
610 2 0 |a štúdie prípadové 
100 1 |a Jambor, Jaroslav 
700 1 |a Džubáková, Martina 
700 1 |a Habánik, Jozef